Statistics for Guess The Fictional Character

Click here to take the quiz!

General Stats

  • This quiz has been taken 54 times
  • The average score is 13 of 15

Answer Stats

Answer% Correct
Spongebob Squarepants
100%
Donald Duck
100%
Mickey Mouse
100%
Minions
98%
Mario
98%
Spiderman
98%
Wonder Woman
98%
Homer
91%
Woody
89%
Lisa
89%
Teletubbies
87%
Luigi
83%
Robin
81%
Charlie Brown
72%
Yoshi
60%

Score Distribution

Percentile by Number Answered

Percent of People with Each Score

Your Score History

You have not taken this quiz